Quantum field theory / (Record no. 1873)
[ view plain ]
| 000 -LEADER | |
|---|---|
| fixed length control field | 01407cam a2200349 a 4500 |
| 001 - CONTROL NUMBER | |
| control field | 14055139 |
| 003 - CONTROL NUMBER IDENTIFIER | |
| control field | OSt |
| 005 - DATE AND TIME OF LATEST TRANSACTION | |
| control field | 20260217172811.0 |
| 008 - FIXED-LENGTH DATA ELEMENTS--GENERAL INFORMATION | |
| fixed length control field | 050728r20051980nyua b 001 0 eng |
| 010 ## - LIBRARY OF CONGRESS CONTROL NUMBER | |
| LC control number | 2005053026 |
| 020 ## - INTERNATIONAL STANDARD BOOK NUMBER | |
| International Standard Book Number | 9780486445687 |
| Qualifying information | (pbk.) |
| 035 ## - SYSTEM CONTROL NUMBER | |
| System control number | 14055139 |
| 040 ## - CATALOGING SOURCE | |
| Original cataloging agency | DLC |
| Transcribing agency | DLC |
| Modifying agency | DLC |
| 082 00 - DEWEY DECIMAL CLASSIFICATION NUMBER | |
| Classification number | 530.143 |
| Edition number | ITZ |
| 100 1# - MAIN ENTRY--PERSONAL NAME | |
| Personal name | Itzykson, Claude. |
| 9 (RLIN) | 3678 |
| 245 10 - TITLE STATEMENT | |
| Title | Quantum field theory / |
| Statement of responsibility, etc. | Claude Itzykson, Jean-Bernard Zuber. |
| 260 ## - PUBLICATION, DISTRIBUTION, ETC. | |
| Place of publication, distribution, etc. | N.Y. : |
| Name of publisher, distributor, etc. | Dover Publications, |
| Date of publication, distribution, etc. | 2005. |
| 300 ## - PHYSICAL DESCRIPTION | |
| Extent | xxxiv, 705 p. : |
| Other physical details | ill. ; |
| Dimensions | 24 cm. |
| 336 ## - CONTENT TYPE | |
| Content type term | text |
| Content type code | txt |
| Source | rdacontent |
| 337 ## - MEDIA TYPE | |
| Media type term | unmediated |
| Media type code | n |
| Source | rdamedia |
| 338 ## - CARRIER TYPE | |
| Carrier type term | volume |
| Carrier type code | nc |
| Source | rdacarrier |
| 440 #0 - SERIES STATEMENT/ADDED ENTRY--TITLE | |
| Title | Dover books on physics |
| 9 (RLIN) | 3679 |
| 500 ## - GENERAL NOTE | |
| General note | Originally published: New York : McGraw-Hill, 1980, in series: International series in pure and applied physics. With new pref. and list of errata. |
| 504 ## - BIBLIOGRAPHY, ETC. NOTE | |
| Bibliography, etc. note | Includes bibliographical references and index. |
| 650 #0 - SUBJECT ADDED ENTRY--TOPICAL TERM | |
| Topical term or geographic name entry element | Quantum field theory. |
| 9 (RLIN) | 1860 |
| 700 1# - ADDED ENTRY--PERSONAL NAME | |
| Personal name | Zuber, Jean Bernard. |
| 9 (RLIN) | 3680 |
| 856 42 - ELECTRONIC LOCATION AND ACCESS | |
| Materials specified | Publisher description |
| Uniform Resource Identifier | <a href="http://www.loc.gov/catdir/enhancements/fy0625/2005053026-d.html">http://www.loc.gov/catdir/enhancements/fy0625/2005053026-d.html</a> |
| 906 ## - LOCAL DATA ELEMENT F, LDF (RLIN) | |
| a | 7 |
| b | cbc |
| c | orignew |
| d | 1 |
| e | ocip |
| f | 20 |
| g | y-gencatlg |
| 942 ## - ADDED ENTRY ELEMENTS (KOHA) | |
| Source of classification or shelving scheme | Dewey Decimal Classification |
| Koha item type | Books |
| Withdrawn status | Lost status | Source of classification or shelving scheme | Damaged status | Not for loan | Collection code | Home library | Current library | Shelving location | Date acquired | Source of acquisition | Cost, normal purchase price | Total Checkouts | Full call number | Barcode | Date last seen | Copy number | Cost, replacement price | Price effective from | Koha item type | Public note |
|---|---|---|---|---|---|---|---|---|---|---|---|---|---|---|---|---|---|---|---|---|
| Dewey Decimal Classification | Reference | Reference | IIT Goa Central Library | IIT Goa Central Library | Reference | 2026-02-17 | Creative Books | 4487.00 | 530.143 | 4618 | 2026-02-17 | 1 | 4487.00 | 2026-02-17 | Reference | CB/25228||06-02-2026||35.00%||USD 49.95 |